00563nam a2200145Ia 4500008004100000100002500041245005000066245009000116260004900206260000900255650001300264856004800277999001900325952007300344170221s9999 xx 000 0 und d aChristine Harrington aTax avoidance and corporate capital structure cChristine Harrington, The University of Tampa; Walter Smith, The University of Tampa. bJournal of Management and Marketing Research c2012 xBusiness uhttp://www.aabri.com/manuscripts/121289.pdf c309754d309754 001040aCLbCLd2017-02-21l0r2017-02-21 00:00:00w2017-02-21yFOJ